LEADER 01280nam0 2200337 450 001 000023440 005 20090223141029.0 100 $a20090223d1959----km-y0itay50------ba 101 1 $aita$ceng 102 $aIT 105 $ay-------001yy 200 1 $aTeoria economica e paesi sottosviluppati$fGunnar Myrdal 210 $aMilano$cFeltrinelli$d1959 215 $a212 p.$d23 cm 225 2 $aSaggi di economia e scienze sociali$v1 300 $aTrad. di Elisa Marengo e Vincenzo Vitello. 410 0$12001$aSaggi di economia e scienze sociali 454 0$1001000023427 500 10$aEconomic theory and under-developed regions$m$941785 610 1 $aPaesi in via di sviluppo$aEconomia 610 1 $aPaesi sottosviluppati$aEconomia 610 1 $aPaesi industrializzati e paesi in via di sviluppo 610 1 $aPaesi in via di sviluppo$aRelazioni con i paesi industrializzati 676 $a338.9$v16$9Politica economica 676 $a330.91724$v20$9Situazione e condizioni economiche. Paesi a basso grado di sviluppo 700 1$aMyrdal,$bGunnar$0471195 801 0$aIT$bUNIPARTHENOPE$c20090223$gRICA$2UNIMARC 912 $a000023440 951 $a111/19$b1177$cNAVA2 996 $aEconomic theory and under-developed regions$941785 997 $aUNIPARTHENOPE LEADER 01276nam2 22002891i 450 001 UON00080315 005 20231205102426.407 100 $a20020107f |0itac50 ba 101 $aeng 102 $aGB 105 $a|||| ||||| 200 1 $aˆLes ‰grandes epoques$eL'architecture funeraire 210 $aviii, P. 3-544$cill. 316 $aprezzo appr.$5IT-UONSI EGIIa/011/2,1 461 1$1001UON00068113$12001 $aManuel d'archeologie egyptienne$fpar Jacques Vandier$1205 $aParis : Ed. A. et J. Picard$b1952-1969$1210 $a10 v.$cill, c. di tav. ; 23 cm$1215 $a5 tomi numerati 1,1-2, 2,1-2, 3,1-2, 4,1-2, 5,1-2$v2/1 606 $aArcheologia$xEgitto$xManuali$3UONC021729$2FI 606 $aARCHITETTURA$xEgitto antico$3UONC014387$2FI 620 $aFR$dParis$3UONL002984 676 $a722.2$cARCHITETTURA EGIZIANA ANTICA$v21 700 1$aVANDIER$bJacques$3UONV043201$0487891 712 $aPicard$3UONV252625$4650 801 $aIT$bSOL$c20250404$gRICA 899 $aSIBA - SISTEMA BIBLIOTECARIO DI ATENEO$2UONSI 912 $aUON00080315 950 $aSIBA - SISTEMA BIBLIOTECARIO DI ATENEO$dSI II a 011/2,1 $eSI AA 20187 5 011/2,1 prezzo appr. 996 $aGrandes époques$91207701 997 $aUNIOR